| 000 | 00700nam a22001817a 4500 | ||
|---|---|---|---|
| 003 | BD-DhUL | ||
| 005 | 20180606100624.0 | ||
| 008 | 161027s1981 ii ||||| |||| 00| 0 ben d | ||
| 040 | _cBD-DhUL | ||
| 082 |
_a891.44308 _bSHS |
||
| 100 | _a বন্দ্যোপাধ্যায়, শান্তিরঞ্জন | ||
| 245 | 0 | 0 |
_aসংকলিত গল্প : _bখন্ড ২ / _cশান্তিরঞ্জন বন্দ্যোপাধ্যায় |
| 260 |
_aকলকাতা : _bঅভিবাদন, _c১৯৭৮১। |
||
| 300 |
_aখ. ; _c২২ সেমি. |
||
| 650 | 4 | _aবাংলা উপন্যাস | |
| 650 | 4 | _aBengali fiction | |
| 942 |
_2ddc _cBK |
||
| 999 |
_c241982 _d241982 |
||